000 01087nam a22003377a 4500
001 000059702
003 CHAP
005 20220329140842.0
008 971013s1961 r 10010 d
010 _a58636
011 _a59608
035 _a63768
040 _cCHAP
090 _aFolleto 1545
111 0 0 _aSymposium de Investigación Agrícola en México (
_n2
_d: 1961
_c: Chapingo, Méx.)
_9110942
245 1 0 _aConvocatoria, temario, reglamento.
260 _aChapingo, Méx. :
_bUACH,
_c1961.
300 _as.p.
590 _aBATCH-UPD
_b10
_c20130110
_lUCH01
_h0436
590 _aBATCH-UPD
_b10
_c20130410
_lUCH01
_h0112
590 _aBATCH-UPD
_b10
_c20130914
_lUCH01
_h2040
590 _aCONVERSION
_b10
_c20130109
_lUCH01
_h1331
590 _aE11695DGD
_b10
_c20141121
_lUCH01
_h1325
590 _aE11695DGD
_b10
_c20141121
_lUCH01
_h1325
650 1 4 _aAgricultura
_xInvestigacion
_xCongresos.
_91605
901 _aBK
942 _cFOLL
942 _n0
949 _aFolleto 1545
_bBC
_cFOLL
_d-137471
_eTS1
_i63768
_si
949 _aFolleto 1545
_bBC
_cFOLL
_d-137472
_eTS2
_fc.2
_i63768
_si
999 _c58636
_d58636